Aria di casa mia (Record n. 98907)

Dettagli MARC
000 -LEADER
fixed length control field 01082njm a2200313Ia 4500
001 - CONTROL NUMBER
control field 24634
003 - CONTROL NUMBER IDENTIFIER
control field IT-RoPAU
005 - DATE AND TIME OF LATEST TRANSACTION
control field 20220918181110.0
008 - FIXED-LENGTH DATA ELEMENTS--GENERAL INFORMATION
fixed length control field 131025s9999 xx 000 0 und d
040 ## - CATALOGING SOURCE
Original cataloging agency IT-RoPAU
040 ## - CATALOGING SOURCE
Transcribing agency IT-RoPAU
041 ## - LANGUAGE CODE
Language code of text/sound track or separate title ITALIANO
999 ## - SYSTEM CONTROL NUMBERS (KOHA)
Koha Dewey Subclass [OBSOLETE] n.d.
100 ## - MAIN ENTRY--PERSONAL NAME
Personal name Farassino Gipo
9 (RLIN) 9047
100 ## - MAIN ENTRY--PERSONAL NAME
Relator term Autore musica
9 (RLIN) 11119
100 ## - MAIN ENTRY--PERSONAL NAME
Miscellaneous information Codice autore musica SPICS: 8032
9 (RLIN) 9049
245 ## - TITLE STATEMENT
Title Aria di casa mia
250 ## - EDITION STATEMENT
Edition statement 1a ed.
260 ## - PUBLICATION, DISTRIBUTION, ETC. (IMPRINT)
Place of publication, distribution, etc. ITALIA
260 ## - PUBLICATION, DISTRIBUTION, ETC. (IMPRINT)
Name of publisher, distributor, etc. POLYDOR
Date of publication, distribution, etc. 1973 [1a Ed.:1973]
300 ## - PHYSICAL DESCRIPTION
Extent DISCO
300 ## - PHYSICAL DESCRIPTION
Dimensions 26 minuti (Testo: pag.)
500 ## - GENERAL NOTE
General note Musica popolar. Canzoni popolari. Arrangiamento. Chitarra
505 ## - FORMATTED CONTENTS NOTE
Formatted contents note La mia mamma - Maria Giovanna - La Brandolina - La reusa bianca - I rubinet - I poveri pellegrini - Baron Litron - La nostra cricca - Spunta il sol - Al pocio
650 ## - SUBJECT ADDED ENTRY--TOPICAL TERM
Topical term or geographic name as entry element ARRANGIAMENTO [DISCHI]
Relator term Codice MATERIA SPICS: 9950
9 (RLIN) 11120
700 ## - ADDED ENTRY--PERSONAL NAME
Personal name Anonimo
Relator term Autore
Miscellaneous information Codice autore SPICS: 2620
9 (RLIN) 11121
700 ## - ADDED ENTRY--PERSONAL NAME
Personal name Farassino Gipo
Miscellaneous information Codice interprete SPICS: 8032
Relator term Interprete
9 (RLIN) 11122
942 ## - ADDED ENTRY ELEMENTS (KOHA)
Koha item type DISCHI
Source of classification or shelving scheme Dewey Decimal Classification
Dati di copia
Withdrawn status Lost status Damaged status Not for loan Home library Current library Date acquired Total Checkouts Full call number Date last seen Price effective from Koha item type Public note
    Buone Condizioni Not For Loan SPICS-MEDIATECA SPICS-MEDIATECA 25/10/2013   24634 25/10/2013 25/10/2013 DISCHI Progr. Ins.: 5329 / N.Vol.: 1 / Copie: 1 - Copia rara: n.d. / date import: 01.01.2014 - By Epidotti, Trombetti, Vaglietti
CREDITS: SOCIETA' SAN PAOLO Via A.Severo, 58 - ROMA (RM) & PERIODICI SAN PAOLO SRL Via Giotto, 36 MILANO & CISF Via Giotto, 36 MILANO & EDIZIONI SAN PAOLO SRL,  Piazza Soncino, 5 CINISELLO BALSAMO (MI) -- ITALY